00265nam a2200109Ia 4500008004100000082001700041100002100058245003400079260001600113300000800129650001800137150301s2015 xx 000 0 und d a615.19bP11G aGANGULI, SUBARNA aTB OF PHARMACEUTICAL ANALYSIS bAITBS DELHI a156 aPHARMACEUTICS